<?xml version="1.0" encoding="UTF-8"?>
<collection xmlns="http://www.loc.gov/MARC21/slim">
 <record>
  <leader>01067nam a2200229Ia 4500</leader>
  <controlfield tag="001">TDMU_7161</controlfield>
  <controlfield tag="008">210410s9999    xx            000 0 und d</controlfield>
  <datafield tag="082" ind1=" " ind2=" ">
   <subfield code="a">531</subfield>
  </datafield>
  <datafield tag="090" ind1=" " ind2=" ">
   <subfield code="b">Đ458</subfield>
  </datafield>
  <datafield tag="100" ind1=" " ind2=" ">
   <subfield code="a">ĐôÌƒ, Sanh</subfield>
  </datafield>
  <datafield tag="245" ind1=" " ind2="0">
   <subfield code="a">Cơ hoÌ£c</subfield>
  </datafield>
  <datafield tag="245" ind1=" " ind2="0">
   <subfield code="b">ĐaÌƒ đươÌ£c HôÌ£i đôÌ€ng thâÌ‰m điÌ£nh saÌch cuÌ‰a BôÌ£ GiaÌo duÌ£c vaÌ€ ĐaÌ€o taÌ£o thông qua duÌ€ng laÌ€m taÌ€i liêÌ£u giaÌ‰ng daÌ£y trong caÌc trươÌ€ng ĐaÌ£i hoÌ£c kyÌƒ thuâÌ£t</subfield>
  </datafield>
  <datafield tag="245" ind1=" " ind2="0">
   <subfield code="c">GS. TSKH. ĐôÌƒ Sanh</subfield>
  </datafield>
  <datafield tag="245" ind1=" " ind2="0">
   <subfield code="n">TâÌ£p hai</subfield>
  </datafield>
  <datafield tag="245" ind1=" " ind2="0">
   <subfield code="p">ĐôÌ£ng lưÌ£c hoÌ£c</subfield>
  </datafield>
  <datafield tag="260" ind1=" " ind2=" ">
   <subfield code="a">h.</subfield>
  </datafield>
  <datafield tag="260" ind1=" " ind2=" ">
   <subfield code="b">GiaÌo duÌ£c</subfield>
  </datafield>
  <datafield tag="260" ind1=" " ind2=" ">
   <subfield code="c">2003</subfield>
  </datafield>
  <datafield tag="300" ind1=" " ind2=" ">
   <subfield code="a">167tr.</subfield>
  </datafield>
  <datafield tag="650" ind1=" " ind2=" ">
   <subfield code="a">Cơ hoÌ£c đôÌ£ng luÌ£c hoÌ£c; VâÌ£t liÌ; VâÌ£t liÌ hoÌ£c; Cơ hoÌ£c; ĐôÌ£ng lưÌ£c hoÌ£c</subfield>
  </datafield>
  <datafield tag="856" ind1=" " ind2=" ">
   <subfield code="u">http://lrc.tdmu.edu.vn/opac/search/detail.asp?aID=2&amp;ID=7161</subfield>
  </datafield>
  <datafield tag="980" ind1=" " ind2=" ">
   <subfield code="a">Trung tâm Học liệu Trường Đại học Thủ Dầu Một</subfield>
  </datafield>
 </record>
</collection>
